Top 50 Least guessed Countries - Statistics

General Stats
  • This quiz has been taken 37 times
  • The average score is 42 of 50
Answer Stats
% Guessed Answer % Correct
20 Palau
100%
25 Saint Lucia
100%
19 Saint Vincent and the Grenadines
100%
25 Cape Verde
97%
26 Federated States of Micronesia
97%
19 Grenada
97%
23 Saint Kitts and Nevis
97%
27 Seychelles
97%
24 Solomon Islands
97%
22 Tuvalu
97%
21 Vanuatu
97%
19 Comoros
94%
34 Lesotho
94%
21 Marshall Islands
94%
36 Rwanda
94%
17 São Tomé and Príncipe
94%
25 Brunei
91%
26 Equatorial Guinea
91%
30 Eswatini
91%
27 Mauritius
91%
18 Nauru
91%
25 Samoa
91%
25 Tonga
91%
31 Trinidad and Tobago
91%
30 Benin
88%
23 Guinea-Bissau
88%
36 Togo
88%
31 Barbados
85%
29 Djibouti
85%
24 East Timor
85%
20 Kiribati
85%
37 Tajikistan
85%
23 Antigua and Barbuda
82%
31 Bahrain
82%
24 Burundi
82%
28 Gambia
82%
34 Eritrea
79%
37 Kyrgyzstan
79%
35 Maldives
79%
27 Gabon
76%
36 Liberia
76%
31 Mauritania
76%
26 Burkina Faso
73%
27 Sierra Leone
73%
28 Malawi
70%
34 San Marino
61%
38 Senegal
58%
38 Namibia
55%
37 Cameroon
42%
37 Mozambique
42%
No matching quizzes found
Score Distribution
Percent of People with Each Score
Percentile by Number Answered
Your Score History
You have not taken this quiz